000 00337nam a2200145 i 4500
001 bg
100 1 _aPLATO,
_d((427-347 a.C.))
245 0 _aTimajos Kritias albo Atlantyk /
_cPlaton.
260 _aWarszawa,
_c1986.
700 1 _aPlaton,
040 _cBPK
041 _apol
942 _cKS
008 s pl f |000 0 pol
999 _c23189
_d23189
856 _uhttp://koha.tu.koszalin.pl/cgi-bin/koha/opac-detail.pl?biblionumber=23189
_yKatalog online BPK